Modernidad e ilustración en Santo Domingo / (Registro nro. 13545)

Detalles MARC
000 -LEADER
fixed length control field 01393nam a2200337 a 4500
001 - CONTROL NUMBER
control field 000030512
003 - CONTROL NUMBER IDENTIFIER
control field DO-SdBNP
005 - DATE AND TIME OF LATEST TRANSACTION
control field 20210531102300.0
008 - FIXED-LENGTH DATA ELEMENTS--GENERAL INFORMATION
fixed length control field 110523s2011 dr 001 0 spa d
020 ## - INTERNATIONAL STANDARD BOOK NUMBER
International Standard Book Number 9789945074277
040 ## - CATALOGING SOURCE
Original cataloging agency BPMSU
Language of cataloging spa
Transcribing agency BPMSU
082 ## - DEWEY DECIMAL CLASSIFICATION NUMBER
Classification number RD864.44
Item number M863m
Edition number 22
100 1# - MAIN ENTRY--PERSONAL NAME
Personal name Morla, Rafael
245 10 - TITLE STATEMENT
Title Modernidad e ilustración en Santo Domingo /
Statement of responsibility, etc. Rafael Morla.
260 ## - PUBLICATION, DISTRIBUTION, ETC. (IMPRINT)
Place of publication, distribution, etc. Santo Domingo :
Name of publisher, distributor, etc. Archivo General de la Nación,
Date of publication, distribution, etc. 2011.
Manufacturer
300 ## - PHYSICAL DESCRIPTION
Extent 167 p. ;
Dimensions 23 cm.
490 0# - SERIES STATEMENT
Series statement Archivo General de la Nación
Volume/sequential designation 134
500 ## - GENERAL NOTE
General note Incluye datos biográficos del autor en la solapa de la cubierta
504 ## - BIBLIOGRAPHY, ETC. NOTE
Bibliography, etc Incluye bibliografía y notas al pie de páginas.
504 ## - BIBLIOGRAPHY, ETC. NOTE
Bibliography, etc Bibliografía: p. 149-153.
505 0# - FORMATTED CONTENTS NOTE
Miscellaneous information Introducción --
Title Marco teórico para la comprensión de la ilustración en Santo Domingo --
-- La ilustración en Santo Domingo en el siglo XVIII --
-- La ilustración en Santo Domingo en el siglo XIX --
Miscellaneous information Conclusión --
-- Bibliografía.
590 ## - LOCAL NOTE (RLIN)
Local note Inventariado, 2021/VM
650 #4 - SUBJECT ADDED ENTRY--TOPICAL TERM
Topical term or geographic name as entry element Intelectuales
Geographic subdivision República Dominicana
650 #4 - SUBJECT ADDED ENTRY--TOPICAL TERM
Topical term or geographic name as entry element Modernismo (literatura)
650 #4 - SUBJECT ADDED ENTRY--TOPICAL TERM
Topical term or geographic name as entry element Ensayos dominicanos
650 #4 - SUBJECT ADDED ENTRY--TOPICAL TERM
Topical term or geographic name as entry element Literatura dominicana.
650 #4 - SUBJECT ADDED ENTRY--TOPICAL TERM
Topical term or geographic name as entry element Filosofía
Geographic subdivision República Dominicana
General subdivision Ensayos, conferencias, etc.
651 #4 - SUBJECT ADDED ENTRY--GEOGRAPHIC NAME
Geographic name República Dominicana
General subdivision Vida Intelectual
Chronological subdivision Siglo XVIII -XIX
910 ## - USER-OPTION DATA (OCLC)
User-option data VMateo
942 ## - ADDED ENTRY ELEMENTS (KOHA)
Source of classification or shelving scheme Dewey Decimal Classification
Koha item type Libros
Existencias
Withdrawn status Lost status Source of classification or shelving scheme Damaged status Not for loan Collection code Home library Current library Date acquired Source of acquisition Full call number Barcode Date last seen Price effective from Koha item type Public note
    Dewey Decimal Classification     Colección Dominicana Biblioteca Pública Metropolitana Salomé Ureña Biblioteca Pública Metropolitana Salomé Ureña 05/31/2021 Archivo General de la Nación BPMSU CD RD864.44 M863m 2011 BPMSU21050183 05/31/2021 05/31/2021 Libros Compra